| 000 | 00890cab a2200253 4500 | ||
|---|---|---|---|
| 001 | WB2826-53 | ||
| 008 | 090401t1992 xxu||||| |||| 00| 0 eng d | ||
| 035 | _a(Sirsi) u49687 | ||
| 041 | _aeng | ||
| 245 | _aExtension of countryside stewardship | ||
| 260 | _c1992 | ||
| 350 | _a0 | ||
| 490 |
_aDoE News Release _v(454) 29 June 1992 (3) |
||
| 520 | _aThe Countryside Stewardship scheme is being extended to cover historic landscapes and old meadow and pastures. Additional payments will be made for access for the disabled and for educational purposes. | ||
| 650 | _aMANAGEMENT-BUSINESS MANAGEMENT-DISCRIMINATION-DISABILITY DISCRIMINATION-ACCESSIBILITY | ||
| 650 | _aCOUNTRYSIDE STEWARDSHIP | ||
| 650 | _aHISTORIC LANDSCAPES | ||
| 650 | _aLANDSCAPE CONSERVATION | ||
| 650 | _aMEADOWS | ||
| 650 | _aPASTURES | ||
| 690 | _aRURAL PRACTICE | ||
| 942 | _n0 | ||
| 948 | _c04/03/1997 | ||
| 999 |
_c31108 _d31108 |
||